Countries With the Boars - Statistics

General Stats
  • This quiz has been taken 8 times
  • The average score is 12 of 15
Answer Stats
Hint Answer % Correct
6.6m China
100%
1.9m France
100%
2.2m Germany
100%
872k Italy
100%
532k Russia
100%
900k Spain
100%
511k Japan
88%
1.2m Poland
88%
6m USA
88%
699k Romania
75%
696k Bulgaria
63%
738k Hungary
63%
421k South Korea
50%
823k Latvia
25%
798k Lithuania
25%
No matching quizzes found
Score Distribution
Percent of People with Each Score
Percentile by Number Answered
Your Score History
You have not taken this quiz